| 000 | 00875nas a2200265 4500 | ||
|---|---|---|---|
| 001 | BR2011001977 | ||
| 003 | BR-BrBNA | ||
| 005 | 20231205114930.0 | ||
| 007 | ta | ||
| 008 | 230509b bl.|||p| |||| 00| 00por d | ||
| 040 |
_aBR-BrBNA _bpor _cBiblioteca Nacional de Agricultura |
||
| 041 | _a(Pt) | ||
| 072 | _aF06 | ||
| 100 | 1 | _aCanafístula, F.J.F. | |
| 100 | 1 | _aLopes, F.B. | |
| 100 | 1 | _aSoares, R.B. | |
| 100 | 1 | _aAndrade, E.M. de | |
| 100 | 1 | _aTeixeira, A. dos S. | |
| 245 | 1 | _aInvestigação de variável adequada ao controle automático de vazão sem uso de sensores em capos irrigados por meio de análise multivariada | |
| 650 | _aIRRIGAÇÃO | ||
| 650 | _aMÉTODO ESTATÍSTICO | ||
| 773 | 0 |
_tCiência Rural (Brazil) _xISSN 0103-8478 _g(Nov 2010), v. 40(11) p. 2317-2323 _wBR2011001977 |
|
| 909 |
_a202311 _bLúcia _c55 _dLúcia Elande |
||
| 942 |
_2AGRIS _n0 _cANA |
||
| 999 |
_c211296 _d211296 |
||